Ingeniería de proyecto para plantas de proceso

Bibliographic Details
Main Authors: Rase, Howard F, Barrow, M.H
Format: Section = Libro
Language:Undetermined
Spanish
Published: México Continental 1973
Subjects:
LEADER 00508nam a2200193Ia 4500
008 240829s9999 xx 000 0 und d
040 |a BIBLIOTECA-RUSB/ 660.283 R224 
041 |a spa 
082 |a 660.283 R224 
100 1 |a Rase, Howard F  
100 1 |b Barrow, M.H 
245 1 0 |a Ingeniería de proyecto para plantas de proceso 
260 |a México  |b Continental  |c 1973 
300 |a 781 p. :il. 
650 7 |a EQUIPO INDUSTRIAL 
650 7 |b  INGENIERIA QUIMICA 
942 |c BK  |2 ddc 
991 |a TEXTO 
999 |c 4326